000 00703nam a22002537a 4500
001 53803
003 UA-OsUOA
005 20220209231057.0
007 ta
008 20080425b un ||||| |||| 00| 0 ukr d
020 _a5-9548-0013-8
040 _aUA-OsUOA
_brus
_cUA-OsUOA
_dUA-OsUOA
041 _arus
080 _a323.28
090 _a323.28
_bЛ22
100 _aЛандабасо А. И.
245 _aТерроризм и этнополитические конфликты
_pТерроризм сегодня
_nч. 2
260 _aМ.
_bОГНИ
_c2004
300 _a416 с.
650 7 _a32 Політика
_2UDC
700 _aКоновалов А. М.
942 _cBK
_2udc
955 _a2
999 _c339892
_d339892